000 01373cam a22004454i 4500
003 PE-LiUPU
005 20250731165532.0
008 150623s r 000 0 d
035 _a(Sirsi) a30006
035 _a(Sirsi) a30006
040 _aPE-LiUPU
_bspa
_cPE-LiUPU
_erda
082 0 4 _a616.8903
_bb25
_221
100 1 _aBattegay, Raymond,
_eautor.
245 1 0 _aDiccionario de psiquiatría.
264 1 _a
300 _a
336 _atext
_2rdacontent
337 _aunmediated
_2rdamedia
338 _avolume
_2rdacarrier
526 _aSEG44
526 _aSEG26
526 _aP151
526 _aP150
526 _aP149
526 _aP146
526 _aP145
526 _aP126
526 _aP125
526 _aP92
526 _aP75
526 _aP74
526 _aP27
526 _aP15
942 _2ddc
_cBOOK
949 _aRC 616.8903 B25
_wDEWEY
_c1
_i31390
_lRC
_mBUL
_r0
_sY
_tBOOK
_u2015-6-24
_xBIBLIOTECA
_zUNKNOWN
_0COMPRA
_o.CIRCNOTE. No olvidar cambiar la fecha de devolución!!!!!!!
_o.STAFF. Colección General
994 _aC0
_bPEPRU
596 _a1
999 _aRC 616.8903 B25
_wDEWEY
_c37420
_i31390
_f2021-11-8
_g4
_lRCG
_mBUL
_r1
_sY
_tBOOK
_u2015-6-24
_xBIBLIOTECA
_zUNKNOWN
_0COMPRA
_o.CIRCNOTE. No olvidar cambiar la fecha de devolución!!!!!!!
_o.STAFF. Colección General
_d37420
980 _81
_gALBERTO SANCHEZ Responsable de Automatización